The machine in me : an anthropologist sits among computer engineers
Αποθηκεύτηκε σε:
| Κύριος συγγραφέας: | |
|---|---|
| Μορφή: | Βιβλίο |
| Γλώσσα: | English |
| Δημοσίευση: |
New York and London :
Routledge,
c1998
|
| Θέματα: | |
| Ετικέτες: |
Προσθήκη ετικέτας
Δεν υπάρχουν, Καταχωρήστε ετικέτα πρώτοι!
|
MARC
| LEADER | 00000nam a2200000 i 4500 | ||
|---|---|---|---|
| 001 | 1/102076 | ||
| 008 | 000222s1998 eng d | ||
| 020 | |a 0-415-92022-1 | ||
| 035 | |l 10057937 | ||
| 040 | |a GR-MY-UA |b gre |e aacr | ||
| 041 | 0 | |a eng | |
| 082 | 0 | |a 306.46 | |
| 100 | 1 | |a Downey, Gary Lee. | |
| 245 | 1 | 4 | |a The machine in me : |b an anthropologist sits among computer engineers / |c Gary Lee Downey |
| 260 | |a New York and London : |b Routledge, |c c1998 | ||
| 300 | |a 288 p. | ||
| 504 | |a Includes bibliographical references and index | ||
| 650 | 0 | 0 | |a Human-machine systems. |
| 650 | 0 | 0 | |a CAD/CAM systems. |
| 852 | |a INST |b LESVOS |e 20000222 |h 306.46 DOW |p 005100021501 |q 005100021501 |t BK |y 4 |x 20000316 | ||
| 901 | |a BIBL1-2000-1 | ||
| 909 | |a Λ |b 075480 | ||
| 920 | |a ΕΡΓΑΣΤΗΡΙΟ ΠΟΛΙΤΙΣΜΙΚΗΣ ΕΠΙΚΟΙΝΩΝΙΑΣ ΚΑΙ ΤΕΚΜΗΡΙΩΣΗΣ |y ΛΕΣΒΟΣ |z 2000-02 | ||
| 970 | |a ΤΖΑΦΕΡΗ |b ΕΥΑΓΓΕΛΙΑ |z 2000/02/22 | ||